Notas para la revisión del género Lonchorhina (<Chiroptera, Phyllostomidae>) (Registro nro. 9501)
[ vista simple ]
| 000 -CABECERA | |
|---|---|
| Campo de control | 008200000a22002290004500 |
| 090 ## - CLASIFICACIÓN LOCAL | |
| Colección | AR |
| Consecutivo | 00404 |
| 041 0# - IDIOMA | |
| Código de idioma para texto/pista de sonido o título separado | |
| 100 1# - ASIENTO PRINCIPAL--NOMBRE PERSONAL | |
| Nombre personal | Hernández Camacho, Jorge Ignacio |
| 245 10 - MENCION DE TITULO | |
| Título | Notas para la revisión del género Lonchorhina (<Chiroptera, Phyllostomidae>) |
| 650 14 - ASIENTO SECUNDARIO DE MATERIA - TERMINO TEMATICO | |
| Término temático o nombre geográfico como elemento de entrada | Murciélagos |
| 650 14 - ASIENTO SECUNDARIO DE MATERIA - TERMINO TEMATICO | |
| Término temático o nombre geográfico como elemento de entrada | Taxonomía animal |
| 650 14 - ASIENTO SECUNDARIO DE MATERIA - TERMINO TEMATICO | |
| Término temático o nombre geográfico como elemento de entrada | Morfología animal |
| 650 14 - ASIENTO SECUNDARIO DE MATERIA - TERMINO TEMATICO | |
| Término temático o nombre geográfico como elemento de entrada | Etología |
| 650 14 - ASIENTO SECUNDARIO DE MATERIA - TERMINO TEMATICO | |
| Término temático o nombre geográfico como elemento de entrada | Biología de la especie |
| 651 #4 - ASIENTO SECUNDARIO DE MATERIA - NOMBRE GEOGRAFICO | |
| -- | Durania |
| -- | Vaupés |
| -- | Colombia |
| 653 ## - TERMINO DE INDIZACION - NO CONTROLADO | |
| -- | Phyllostomidae |
| -- | Lonchorhina |
| -- | Lonchorhina aurita |
| 653 ## - TERMINO DE INDIZACION - NO CONTROLADO | |
| -- | Phyllostomidae |
| -- | Lonchorhina |
| -- | Lonchorhina orinocensis |
| 653 ## - TERMINO DE INDIZACION - NO CONTROLADO | |
| -- | Phyllostomidae |
| -- | Lonchorhina |
| -- | Lonchorhina marinkellei |
| 700 1# - ASIENTO SECUNDARIO - NOMBRE PERSONAL | |
| Nombre personal | Cadena G., Alberto |
| 773 1# - Item fuente: | |
| Título | Caldasia |
| Especificación de materiales | 45 |
| Descripción física | 57 |
| Paginas del Articulo | 200-251 |
| Lugar, editorial y fecha de publicación | 1978 |
| Información sobre la relación | 12 |
| 942 ## - ELEMENTOS ADICIONALES (KOHA) | |
| Tipo de ítem | Artículo |
| Withdrawn status | Lost status | Damaged status | No para préstamo | Colección | Ubicación Permanente | Ubicación actual | Fecha de adquisición | Datos de publicación Seriada | Total Checkouts | Número topográfico | Inventario / Código de Barras | Date last seen | Ejemplar | Price effective from | Forma de adquisición | Tipo de material |
|---|---|---|---|---|---|---|---|---|---|---|---|---|---|---|---|---|
| No para Préstamo | Hemeroteca | Bogotá | Bogotá | 27/02/2015 | Fuera de circulación | AR 00404 | 010670 | 25/03/2015 | 1 | 25/03/2015 | Artículo | |||||
| No para Préstamo | Hemeroteca | Bogotá | Bogotá | 27/02/2015 | Fuera de circulación | AR 00404 | 010671 | 25/03/2015 | 2 | 25/03/2015 | Artículo | |||||
| No para Préstamo | Hemeroteca | Bogotá | Bogotá | 27/02/2015 | Fuera de circulación | AR 00404 | 010672 | 25/03/2015 | 3 | 25/03/2015 | Artículo |